Le test de la culture générale (DF1) - Statistiques

Statistiques générales
  • Ce quiz a été pris 845 fois
    107 depuis la dernière actualisation
  • Le résultat moyen est 7 sur 15
Statistiques - réponses
Question Matière Réponse % Correct
Dans quelle ville se situe la tour Eiffel ? Géographie Paris
99%
Pythagore est-il un mathématicien du Moyen-Âge ? Mathématiques Non
95%
Quel est le best-seller international parlant d'un sorcier ? Français Harry Potter
94%
Qui est le 1er président de la Veme république de france ? Histoire Charles de Gaulle
88%
Quel est le surnom de la Terre ? SVT La planète bleue
70%
Quel(le) est le/la roi/reine anglai(se)s la plus connue depuis 1920 ? Anglais Elisabeth II
67%
C'est un pays. (Ne cherchez pas, il est là, suos sov sdeip) X France
45%
Un des plus grands compositeurs de tous les temps, très connu surtout en europe centrale et de l'ouest, il s'appelait ... Mozart (quel est son prénom, si vous préférez !) Musique Wolfgang Amadeus
43%
Si je vous dit "le meilleur ami de mickey" ; vous répondez ? X Dingo
36%
Êtes vous à l'aise avec le clavier ? Écrivez ceci : •¥]~#* Technologie •¥]~#*
30%
Mais quel joli dessin !!! Et vous, savez vous le dessiner ??? 💮 Arts plastiques 💮
22%
Que signifie EMC d'ailleurs ? EMC Enseignement moral et civique
18%
Combien le tableau de 118 (en 2023) éléments en avait-il au début ? Physique-chimie 62
8%
Quel est le nom exact d'un "véléda" ? X BIC Velleda
0%
Quelle lettre manque t-il ? Azertyuiopqsdfghjklmwxcvbn (attention, petit piège !)(faites une phase (le ...) X Le a minuscule
0%
Aucun quiz correspondant
Distribution des résultats
% des personnes avec chaque résultat
Percentile par nombre de réponses
Votre historique - résultats
Vous n’avez pas pris ce quiz depuis la dernière actualisation